01438nkm a2200289 i 45000010005000000030009000050050017000140070006000310080041000371000024000782450160001022600029002623000039002915000035003305110157003655180171005226000046006936000022007396000021007616000042007826000033008246000040008576100064008977100068009618520026010298560093010553019ES-MaACL20251012191016.0khrbo041108s1981 sp --- g |001||spa d0 aAlfonso,d1902-199010aPresentación del libro "Teoría de la transición política en España (1973-1978)" de Luis García San Miguel [hFotografía] / cAlfonso (sello). a[S.l. : bs.n.], c1981. a6 fot. : bb. y n. ; c12 x 18 cm. aDatos basados en invitación.0 aIntervienen: Íñigo Cavero Lataillade, Eugenio Nasarre, Ignacio Sotelo, Joaquín Ruiz-Giménez, Miguel Martínez Cuadrado, Fernando Chueca Goitia. aActo organizado por la Sección de Ciencias Morales y Políticas del Ateneo de Madrid, celebrado en el salón de actos el jueves 2 de julio de 1981, a las 20:00 h.04aCavero Lataillade, Íñigo, d1929-200214aNasarre, Eugenio.14aSotelo, Ignacio.14aRuiz-Giménez, Joaquín,d1913-200914aMartínez Cuadrado, Miguel.14aChueca Goitia, Fernando,d1911-200424aAteneo de Madrid-xActos culturales-y1981-vFotografías.2 aAteneo de Madrid. bSección de Ciencias Morales y Políticas aES-MaACLjFOT 52/19814 uhttp://www.ateneodemadrid.net/biblioteca_digital/imagenes/1981/0052-1981.jpgzVer imagen